000 00223nam a22000857a 4500
008 160705b xxu||||| |||| 00| 0 eng d
100 _92284
_a Corbeil, J.C
245 _aVisual Dictionary
260 _aN.Y
_b Factson File Pub.
_c1986
999 _c1966
_d1966